00517nam a22001697a 450000500170000001000130001702000220003003500120005203700130006408200080007710000390008524500580012424600400018226000340022227000680025630000230032420231102120105.0 aUR-12295 c250.00 a25833405 aU-10850 bDBAD/PUB a840 aا بو الکلا م قا سمی  aا مر و ز / cا بو الکلا م قا سمی  bImroz (Urdu) /aby Abulkalam Qasmi  aU.P.bRisala-e-Imrozc2023 ء aSarsabz,Badar Bagh,Jail Road,bAligarhe202002k919456241142l- a192 ص c22cm(pbk)